| 000 | 01185cam a2200241 4500 | ||
|---|---|---|---|
| 001 | ABS67124 | ||
| 008 | 031029n2003 000 0 eng u | ||
| 035 | _a(Sirsi) u124114 | ||
| 100 | _aRichards, M. | ||
| 245 | _aWanted | ||
| 260 | _c2003 | ||
| 490 |
_aBuilding _v268(8304) 17 October 2003, 51(3) |
||
| 520 | _aGives details of the latest Hays/Montrose salary survey 2003. This shows that prices on contractors' heads are outstripping inflation in every area with the biggest increases for those at the start of their careers. Assistant quantity surveyors' pay rose by 12.3% last year but there was a difference between the regions with pay in central London stagnating but increasing markedly elsewhere, especially in the East Midlands. Junior quantity surveyors are especially in demand with fewer QS's graduating and more need for their services in the project team. | ||
| 590 | _aABS | ||
| 650 | _aHAYS CONSTRUCTION/BUILDING CONTRACTORS' SALARIES GUIDE | ||
| 650 | _aCONSTRUCTION INDUSTRY | ||
| 650 | _aQUANTITY SURVEYORS | ||
| 650 | _aPROJECT TEAMS | ||
| 650 | _aLONDON | ||
| 650 | _aEAST MIDLANDS | ||
| 690 | _aBUILDING AND CONSTRUCTION-ECONOMICS | ||
| 942 | _n0 | ||
| 999 |
_c73675 _d73675 |
||